| 000 | 06349cam4a22020174i 4500 | ||
|---|---|---|---|
| 003 | PE-LiUPU | ||
| 005 | 20250813165828.0 | ||
| 008 | 110823s2011 sp r 000 0 spa d | ||
| 020 | _a8480867493 | ||
| 020 | _a9788480867498 | ||
| 035 | _a(Sirsi) i9788480867498 | ||
| 040 |
_aPE-LiUPU _bspa _cPE-LiUPU _dPE-LiUPU _erda |
||
| 049 | _aPRUA | ||
| 082 | 0 | 4 |
_a610.7309 _bM26 _221 |
| 100 | 1 |
_aMartínez Martín, María, _eautor. |
|
| 245 | 1 | 0 |
_aHistoria de la enfermería : _bevolución histórica del cuidado enfermero / _cMaría Luisa Martínez Martín, Elena Chamorro Rebollo. |
| 250 | _a2a edición. | ||
| 264 | 1 |
_aBarcelona : _bElsevier, _c2011 |
|
| 300 |
_a159 páginas ; _c23 centímetros |
||
| 336 |
_atext _2rdacontent |
||
| 337 |
_aunmediated _2rdamedia |
||
| 338 |
_avolume _2rdacarrier |
||
| 505 | 0 | _aEtapa doméstica del cuidado -- Prehistoria -- Civilizaciones antiguas -- Mundo clásico -- Etapa vocacional del cuidado -- Inicio del mundo cristiano -- Alta Edad Media -- Baja Edad Media -- Mundo moderno -- Etapa vocacional en España -- Etapa. | |
| 526 | _aP203 | ||
| 526 | _aP200 | ||
| 526 | _aSEG65 | ||
| 526 | _aSEG64 | ||
| 526 | _aSEG63 | ||
| 526 | _aSEG62 | ||
| 526 | _aSEG61 | ||
| 526 | _aSEG60 | ||
| 526 | _aSEG59 | ||
| 526 | _aSEG58 | ||
| 526 | _aSEG57 | ||
| 526 | _aSEG56 | ||
| 526 | _aSEG55 | ||
| 526 | _aSEG54 | ||
| 526 | _aSEG53 | ||
| 526 | _aSEG52 | ||
| 526 | _aSEG51 | ||
| 526 | _aSEG50 | ||
| 526 | _aSEG49 | ||
| 526 | _aSEG48 | ||
| 526 | _aSEG47 | ||
| 526 | _aSEG46 | ||
| 526 | _aSEG24 | ||
| 526 | _aSEG23 | ||
| 526 | _aSEG22 | ||
| 526 | _aSEG21 | ||
| 526 | _aSEG20 | ||
| 526 | _aSEG19 | ||
| 526 | _aSEG18 | ||
| 526 | _aSEG17 | ||
| 526 | _aSEG16 | ||
| 526 | _aSEG14 | ||
| 526 | _aSEG13 | ||
| 526 | _aSEG12 | ||
| 526 | _aSEG11 | ||
| 526 | _aSEG10 | ||
| 526 | _aSEG09 | ||
| 526 | _aSEG06 | ||
| 526 | _aSEG05 | ||
| 526 | _aSEG04 | ||
| 526 | _aSEG03 | ||
| 526 | _aSEG02 | ||
| 526 | _aSEG68 | ||
| 526 | _aSEG66 | ||
| 526 | _aSEG45 | ||
| 526 | _aSEG25 | ||
| 526 | _aSEG01 | ||
| 526 | _aP163 | ||
| 526 | _aP162 | ||
| 526 | _aP161 | ||
| 526 | _aP160 | ||
| 526 | _aP159 | ||
| 526 | _aP158 | ||
| 526 | _aP157 | ||
| 526 | _aP156 | ||
| 526 | _aP155 | ||
| 526 | _aP154 | ||
| 526 | _aP153 | ||
| 526 | _aP152 | ||
| 526 | _aP151 | ||
| 526 | _aP150 | ||
| 526 | _aP149 | ||
| 526 | _aP142 | ||
| 526 | _aP141 | ||
| 526 | _aP140 | ||
| 526 | _aP139 | ||
| 526 | _aP138 | ||
| 526 | _aP137 | ||
| 526 | _aP132 | ||
| 526 | _aP131 | ||
| 526 | _aP130 | ||
| 526 | _aP126 | ||
| 526 | _aP125 | ||
| 526 | _aP124 | ||
| 526 | _aP123 | ||
| 526 | _aP115 | ||
| 526 | _aP122 | ||
| 526 | _aP121 | ||
| 526 | _aP116 | ||
| 526 | _a P114 | ||
| 526 | _aP112 | ||
| 526 | _aP111 | ||
| 526 | _aP104 | ||
| 526 | _aP103 | ||
| 526 | _aP102 | ||
| 526 | _aP101 | ||
| 526 | _aP100 | ||
| 526 | _aP96 | ||
| 526 | _aP95 | ||
| 526 | _aP93 | ||
| 526 | _aP92 | ||
| 526 | _aP91 | ||
| 526 | _aP88 | ||
| 526 | _aP83 | ||
| 526 | _aP82 | ||
| 526 | _aP79 | ||
| 526 | _aP78 | ||
| 526 | _aP75 | ||
| 526 | _aP74 | ||
| 526 | _aP71 | ||
| 526 | _aP69 | ||
| 526 | _a P51 | ||
| 526 | _aP49 | ||
| 526 | _aP48 | ||
| 526 | _aP47 | ||
| 526 | _aP33 | ||
| 526 | _aP31 | ||
| 526 | _a P30 | ||
| 526 | _aP29 | ||
| 526 | _aP27 | ||
| 526 | _aP26 | ||
| 526 | _aP25 | ||
| 526 | _aP24 | ||
| 526 | _a P22 | ||
| 526 | _aP10 | ||
| 526 | _aP09 | ||
| 526 | _a P08 | ||
| 526 | _aP06 | ||
| 526 | _aP05 | ||
| 526 | _aP04 | ||
| 526 | _aP01 | ||
| 541 | _g0028-0000236; | ||
| 650 | 1 | 4 |
_aEnfermería _xHistoria |
| 700 | 1 |
_aChamorro Rebollo, Elena _eautor. |
|
| 910 |
_agl _bjv _cng _d20110823 |
||
| 910 |
_adbm _bncf _cncf _d20171206 |
||
| 942 |
_2ddc _cBOOK |
||
| 949 |
_a610.7309 M26 _i63402 _lCCODEBUL1 _mBUL _tLIBRO _o.STAFF. Colección Ciencias de la Salud |
||
| 949 |
_a610.7309 M26 _i66235 _lCCODEBUL1 _mBUL _tLIBRO _o.STAFF. Colección Ciencias de la Salud |
||
| 949 |
_a610.7309 M26 _i66236 _lCCODEBUL1 _mBUL _tLIBRO _o.STAFF. Colección Ciencias de la Salud |
||
| 949 |
_a610.7309 M26 _i67108 _lCCODEBUL1 _mBUL _tLIBRO _o.STAFF. Colección Ciencias de la Salud |
||
| 949 |
_a610.7309 M26 _i69310 _lCCODEBUL1 _mBUL _tLIBRO _o.STAFF. Colección Ciencias de la Salud |
||
| 949 |
_a614.253 M26 2011 _wDEWEY _c1 _iFJ06443 _lCCODEBUJ1 _mBUJ _p30.00 _r0 _sY _tBOOK _u11/12/201 _xSALUD _PP22 _0COMPRA _o.STAFF -- Colección General Juliaca |
||
| 994 |
_aC0 _bPEPRU |
||
| 596 | _a1 3 | ||
| 999 |
_a610.7309 M26 _wDEWEY _c52360 _i63402 _d52360 _e2017-5-4 _f2021-11-3 _g5 _lCCODEBUL1 _mBUL _n6 _p45.00 _r0 _sY _tBOOK _u2015-7-6 _xSALUD _zP22 _0COMPRA _o.STAFF. Colección Ciencias de la Salud |
||
| 999 |
_a610.7309 M26 _wDEWEY _c2 _i66235 _d2017-5-5 _e2017-5-4 _f2021-11-3 _g5 _lCCODEBUL1 _mBUL _n3 _p32.00 _r0 _sY _tBOOK _u2015-7-6 _xSALUD _zP22 _0COMPRA _o.STAFF. Colección Ciencias de la Salud |
||
| 999 |
_a610.7309 M26 _wDEWEY _c3 _i66236 _d2018-11-2 _e2018-4-23 _f2021-11-3 _g5 _lCCODEBUL1 _mBUL _n4 _p32.00 _q1 _r0 _sY _tBOOK _u2015-7-6 _xSALUD _zP22 _0COMPRA _o.STAFF. Colección Ciencias de la Salud |
||
| 999 |
_a610.7309 M26 _wDEWEY _c4 _i67108 _d2018-11-2 _e2017-5-4 _f2021-11-3 _g5 _lCCODEBUL1 _mBUL _n3 _p32.00 _q1 _r0 _sY _tBOOK _u2015-7-6 _xSALUD _zP22 _0COMPRA _o.STAFF. Colección Ciencias de la Salud |
||
| 999 |
_a610.7309 M26 _wDEWEY _c5 _i69310 _d2017-5-8 _e2017-5-4 _f2021-11-3 _g5 _lCCODEBUL1 _mBUL _n3 _p53.00 _r0 _sY _tBOOK _u2015-7-6 _xSALUD _zP22 _0COMPRA _o.STAFF. Colección Ciencias de la Salud |
||
| 999 |
_a610.7309 M26 _wDEWEY _c6 _i77486 _d2019-5-16 _e2019-5-13 _f2021-11-3 _g4 _lCCODEBUL1 _mBUL _n1 _p42.00 _q1 _r0 _sY _tBOOK _u2017-12-6 _xSALUD _zP69 _0COMPRA _o.STAFF. Colección Ciencias de la Salud |
||
| 999 |
_a614.253 M26 2011 _wDEWEY _c1 _iFJ06443 _d2019-8-19 _e2019-4-26 _f2022-1-25 _g4 _lCCODEBUJ1 _mBUJ _n1 _p30.00 _q4 _r0 _sY _tBOOK _u2015-9-16 _xSALUD _zP22 _0COMPRA _o.STAFF. Colección General Juliaca |
||
| 980 |
_81 _gALBERTO SANCHEZ Responsable de Automatización |
||